LEADER 00889nam0-2200277 --450 001 9910257856603321 005 20180227143205.0 010 $a978-88-575-3022-2 100 $a20180227d2015----kmuy0itay5050 ba 101 0 $aita 102 $aIT 105 $ay 001yy 200 1 $aProcessi, riparazioni, memorie$el' elaborazione del passato nella Germania postnazista e postcomunista$fMarzia Ponso 210 $aMilano$aUdine$cMimesis$d2015 215 $a443 p.$d21 cm. 225 1 $aMimesis. Passato prossimo$v23 610 0 $aMemoria collettiva$aNazionalsocialismo$aGermania$aSec. 21. 676 $a943.087$v23$zita 700 1$aPonso,$bMarzia$0476775 801 0$aIT$bUNINA$gREICAT$2UNIMARC 901 $aBK 912 $a9910257856603321 952 $aCollez. 2455 (23)$b1832/2017$fFSPBC 959 $aFSPBC 996 $aProcessi, riparazioni, memorie$91504428 997 $aUNINA LEADER 01336nam 2200421 450 001 9910819240403321 005 20230822233826.0 010 $a1-351-71866-5 010 $a1-315-18021-9 035 $a(CKB)4100000011044594 035 $a(MiAaPQ)EBC6181239 035 $a(EXLCZ)994100000011044594 100 $a20200806d2020 uy 0 101 0 $aeng 135 $aurcnu|||||||| 181 $ctxt$2rdacontent 182 $cc$2rdamedia 183 $acr$2rdacarrier 200 00$aBayesian methods in pharmaceutical research /$fedited by Emmanuel Lesaffre, Gianluca Baio, Bruno Boulanger 210 1$aBoca Raton, Florida ;$aLondon ;$aNew York :$cCRC Press,$d[2020] 210 4$dİ2020 215 $a1 online resource (xxx, 516 pages) $cillustrations 225 1 $aChapman & Hall/CRC biostatistics series 311 $a1-138-74848-X 410 0$aChapman & Hall/CRC biostatistics series. 606 $aClinical trials$xStatistical methods 615 0$aClinical trials$xStatistical methods. 676 $a610.724 702 $aLesaffre$b Emmanuel 702 $aBaio$b Gianluca 702 $aBoulanger$b Bruno 801 0$bMiAaPQ 801 1$bMiAaPQ 801 2$bMiAaPQ 906 $aBOOK 912 $a9910819240403321 996 $aBayesian methods in pharmaceutical research$94009148 997 $aUNINA